Online
Catalog

Cómo hacer una tesis / (Record no. 52108)

MARC details
000 -CABECERA
campo de control de longitud fija 01298nam a22002537a 4500
003 - IDENTIFICADOR DEL NÚMERO DE CONTROL
campo de control DO-SdBNP
005 - FECHA Y HORA DE LA ÚLTIMA TRANSACCIÓN
campo de control 20240430192716.0
007 - CAMPO FIJO DE DESCRIPCIÓN FÍSICA--INFORMACIÓN GENERAL
campo de control de longitud fija ta
008 - DATOS DE LONGITUD FIJA--INFORMACIÓN GENERAL
campo de control de longitud fija 220624b2017 dr a|||| |||| 00| 0 spa d
020 ## - NÚMERO INTERNACIONAL ESTÁNDAR DEL LIBRO
Número Internacional Estándar del Libro 9945408046
040 ## - FUENTE DE LA CATALOGACIÓN
Centro catalogador/agencia de origen DO-SdBNP
Lengua de catalogación spa
Centro/agencia transcriptor BNPHU
082 #4 - NÚMERO DE LA CLASIFICACIÓN DECIMAL DEWEY
Número de clasificación 001.42
Número de documento/Ítem U75co
Número de edición 22
100 1# - ENTRADA PRINCIPAL--NOMBRE DE PERSONA
Nombre de persona Ureña, Alejandro
9 (RLIN) 46272
245 10 - MENCIÓN DE TÍTULO
Título Cómo hacer una tesis /
Mención de responsabilidad, etc. Alejandro Ureña.
260 ## - PUBLICACIÓN, DISTRIBUCIÓN, ETC.
Lugar de publicación, distribución, etc. Santo Domingo :
Nombre del editor, distribuidor, etc. Letragráfica,
Fecha de publicación, distribución, etc. 2017.
300 ## - DESCRIPCIÓN FÍSICA
Extensión 95 p. :
Otras características físicas il. ;
Dimensiones 23 cm.
504 ## - NOTA DE BIBLIOGRAFÍA, ETC.
Nota de bibliografía, etc. Bibliografía : p. 95
505 2# - NOTA DE CONTENIDO CON FORMATO
Nota de contenido con formato ¿Que es una tesis? -- Definición de lo que es una tesis -- ¿Como se hace una tesis? -- Propuesta o anteproyecto de tesis -- Contenido de la propuesta -- Método y técnica de investigación -- Metodología a utilizar -- Recopilación de datos -- Manejo de datos -- El internet y la tesis -- Redacción de la tesis -- Importancia de una buena redacción -- Estilos de redacción -- Normas para la presentación de la tesis Presentación final -- Diagramación de la tesis -- Examen final de tesis -- Preparativos finales - Bibliografía.
590 ## - NOTA LOCAL (RLIN)
Nota local Inventariado, 2022/BT
650 #0 - PUNTO DE ACCESO ADICIONAL DE MATERIA--TÉRMINO DE MATERIA
Término de materia o nombre geográfico como elemento de entrada Tesis y disertaciones académicas
9 (RLIN) 19630
650 #4 - PUNTO DE ACCESO ADICIONAL DE MATERIA--TÉRMINO DE MATERIA
Término de materia o nombre geográfico como elemento de entrada Investigacion cientifica
Subdivisión general Metodologia
9 (RLIN) 10
910 ## - DATOS DE OPCIÓN DEL USUARIO (OCLC)
Datos de opción del usuario Btavárez/Validado. Control de calidad MFF
942 ## - ELEMENTOS DE PUNTO DE ACCESO ADICIONAL (KOHA)
Fuente del sistema de clasificación o colocación Dewey Decimal Classification
Tipo de ítem Koha Libro
Holdings
Estado de retiro Estado de pérdida Fuente del sistema de clasificación o colocación Restricciones de uso No para préstamo Código de colección Localización permanente Ubicación/localización actual Ubicación en estantería Fecha de adquisición Fuente de adquisición Signatura topográfica completa Código de barras Fecha visto por última vez Precio válido a partir de Tipo de ítem Koha Número de copia
    Dewey Decimal Classification Excluido de préstamo   Patrimonio Dominicano Biblioteca Nacional Pedro Henríquez Ureña Biblioteca Nacional Pedro Henríquez Ureña Depósito 24.06.2022 Compra BNPHU PD 001.42 U75co 2022-3187 24.06.2022 24.06.2022 Libro  
    Dewey Decimal Classification Excluido de préstamo   Patrimonio Dominicano Biblioteca Nacional Pedro Henríquez Ureña Biblioteca Nacional Pedro Henríquez Ureña Depósito 24.06.2022 Compra BNPHU PD 001.42 U75co 2022-3188 24.06.2022 24.06.2022 Libro e.2
    Dewey Decimal Classification Préstamo en sala   Dominicana de Servicio Biblioteca Nacional Pedro Henríquez Ureña Biblioteca Nacional Pedro Henríquez Ureña Depósito 24.06.2022 Compra BNPHU DS 001.42 U75co 2022-3189 24.06.2022 24.06.2022 Libro e.3
    Dewey Decimal Classification Préstamo en sala   Dominicana de Servicio Biblioteca Nacional Pedro Henríquez Ureña Biblioteca Nacional Pedro Henríquez Ureña Depósito 24.06.2022 Compra BNPHU DS 001.42 U75co 2022-3190 24.06.2022 24.06.2022 Libro e.4

Powered by Koha